000
00337nam a2200145Ia 4500
008
100415s9999 xx 000 0 und d
082
_b
5867
_a
595.796
100
_a
Goetsch Wilhelm
245
_a
The Ants
260
_a
MICHIGAN
_c
1957
_b
UNIV. OF MICHIGAN
365
_b
0
630
_a
The Ants
730
_a
The Ants
942
_c
BOOK
999
_c
588839
_d
588836